<?xml version="1.0" encoding="UTF-8"?>
<record
    xmlns:xsi="http://www.w3.org/2001/XMLSchema-instance"
    xsi:schemaLocation="http://www.loc.gov/MARC21/slim http://www.loc.gov/standards/marcxml/schema/MARC21slim.xsd"
    xmlns="http://www.loc.gov/MARC21/slim">

  <leader>01364nam a22003137a 4500</leader>
  <datafield tag="999" ind1=" " ind2=" ">
    <subfield code="c">22398</subfield>
    <subfield code="d">22398</subfield>
  </datafield>
  <controlfield tag="003">OSt</controlfield>
  <controlfield tag="005">20220602101013.0</controlfield>
  <controlfield tag="008">200221s2019    pe            000 0 spa  </controlfield>
  <datafield tag="020" ind1=" " ind2=" ">
    <subfield code="a">9786124818806</subfield>
  </datafield>
  <datafield tag="040" ind1=" " ind2=" ">
    <subfield code="c">Biblioteca Municipal de Cusco</subfield>
  </datafield>
  <datafield tag="082" ind1=" " ind2=" ">
    <subfield code="a">328.85/H88</subfield>
    <subfield code="b">H88</subfield>
  </datafield>
  <datafield tag="100" ind1="1" ind2=" ">
    <subfield code="a">Huertas, Mabel</subfield>
    <subfield code="e">autor</subfield>
    <subfield code="9">48032</subfield>
  </datafield>
  <datafield tag="245" ind1="1" ind2="0">
    <subfield code="a">30-S Anatom&#xED;a de una Disoluci&#xF3;n /</subfield>
    <subfield code="c">Mabel Huertas, Carlos Mel&#xE9;ndez, Jos&#xE9; Carlos Requena, Erick Sablich.</subfield>
  </datafield>
  <datafield tag="250" ind1=" " ind2=" ">
    <subfield code="a">Primera edici&#xF3;n.</subfield>
  </datafield>
  <datafield tag="264" ind1=" " ind2="1">
    <subfield code="a">Lima, Per&#xFA; :</subfield>
    <subfield code="b">P&#xE1;gina Once,</subfield>
    <subfield code="c">2019.</subfield>
  </datafield>
  <datafield tag="300" ind1=" " ind2=" ">
    <subfield code="a">118 p&#xE1;ginas. :</subfield>
    <subfield code="b">ilustraciones ;</subfield>
    <subfield code="c">23 cm.</subfield>
  </datafield>
  <datafield tag="490" ind1=" " ind2=" ">
    <subfield code="a">Segunda vuelta ;</subfield>
    <subfield code="v">1</subfield>
  </datafield>
  <datafield tag="500" ind1=" " ind2=" ">
    <subfield code="a">"&#xBF;Quienes ganaron y perdieron con el cierre del Congreso?"--Cubierta.</subfield>
  </datafield>
  <datafield tag="500" ind1=" " ind2=" ">
    <subfield code="a">"La obra narra los sucesos del 30 de setiembre de 2019, sobre la cuesti&#xF3;n de confianza solicitada por el Premier Del Solar, y el mensaje del Presidente Vizcarra, anunciando la disoluci&#xF3;n del Congreso"</subfield>
  </datafield>
  <datafield tag="610" ind1=" " ind2=" ">
    <subfield code="a">Per&#xFA;</subfield>
    <subfield code="b">Congreso</subfield>
    <subfield code="9">4218</subfield>
  </datafield>
  <datafield tag="650" ind1=" " ind2=" ">
    <subfield code="a">Pr&#xE1;ctica parlamentaria</subfield>
    <subfield code="z">Per&#xFA;</subfield>
    <subfield code="9">48033</subfield>
  </datafield>
  <datafield tag="650" ind1=" " ind2=" ">
    <subfield code="a">Parlamentarios</subfield>
    <subfield code="x">Actitudes</subfield>
    <subfield code="z">Per&#xFA;</subfield>
    <subfield code="9">48034</subfield>
  </datafield>
  <datafield tag="650" ind1=" " ind2=" ">
    <subfield code="a">Corrupci&#xF3;n pol&#xED;tica</subfield>
    <subfield code="z">Per&#xFA;</subfield>
    <subfield code="9">48035</subfield>
  </datafield>
  <datafield tag="651" ind1=" " ind2=" ">
    <subfield code="a">Per&#xFA;</subfield>
    <subfield code="x">Pol&#xED;tica y gobierno</subfield>
    <subfield code="y">Siglo XXI</subfield>
    <subfield code="9">48036</subfield>
  </datafield>
  <datafield tag="700" ind1="1" ind2=" ">
    <subfield code="a">Mel&#xE9;ndez, Carlos</subfield>
    <subfield code="d">1977-</subfield>
    <subfield code="e">autor</subfield>
    <subfield code="9">48037</subfield>
  </datafield>
  <datafield tag="700" ind1="1" ind2=" ">
    <subfield code="a">Requena, Jos&#xE9; Carlos</subfield>
    <subfield code="d">1977-</subfield>
    <subfield code="e">autor</subfield>
    <subfield code="9">48038</subfield>
  </datafield>
  <datafield tag="700" ind1="1" ind2=" ">
    <subfield code="a">Sablich, Erick,</subfield>
    <subfield code="e">autor</subfield>
    <subfield code="9">48039</subfield>
  </datafield>
  <datafield tag="942" ind1=" " ind2=" ">
    <subfield code="2">ddc</subfield>
    <subfield code="c">LIBROS</subfield>
  </datafield>
  <datafield tag="952" ind1=" " ind2=" ">
    <subfield code="0">0</subfield>
    <subfield code="1">0</subfield>
    <subfield code="2">ddc</subfield>
    <subfield code="4">0</subfield>
    <subfield code="7">0</subfield>
    <subfield code="a">SH</subfield>
    <subfield code="b">SH</subfield>
    <subfield code="c">CART</subfield>
    <subfield code="d">2022-06-02</subfield>
    <subfield code="g">39.00</subfield>
    <subfield code="o">328.85/H88</subfield>
    <subfield code="p">SH0000016244</subfield>
    <subfield code="r">2022-06-02</subfield>
    <subfield code="w">2022-06-02</subfield>
    <subfield code="y">LIBROS</subfield>
  </datafield>
  <datafield tag="952" ind1=" " ind2=" ">
    <subfield code="0">0</subfield>
    <subfield code="1">0</subfield>
    <subfield code="2">ddc</subfield>
    <subfield code="4">0</subfield>
    <subfield code="7">0</subfield>
    <subfield code="a">SH</subfield>
    <subfield code="b">SH</subfield>
    <subfield code="c">CART</subfield>
    <subfield code="d">2022-06-02</subfield>
    <subfield code="g">39.00</subfield>
    <subfield code="o">328.85/H88/e.2</subfield>
    <subfield code="p">SH0000016245</subfield>
    <subfield code="r">2022-06-02</subfield>
    <subfield code="w">2022-06-02</subfield>
    <subfield code="y">LIBROS</subfield>
  </datafield>
</record>
